000 00363nam a2200133Ia 4500
008 240624s9999 xx 000 0 und d
041 _aeng
082 _a332.02401 TRU
100 _aTRUMP DONALD J
245 _aTRUMP UNIVERSITY WEALTH BUILDING 101 YOU
260 _c2007
_aNew Jersey
_bJohn Wiley and Sons
300 _axvii, : 243 : p. : cm. ; 24
365 _c
_b28
999 _c7405
_d7405